000
00282nam a22001337a 4500
008
181107b xxu||||| |||| 00| 0 eng d
020
_a
0531110052
041
_a
eng
080
_a
574
100
_a
9
101
_a
MJE
245
_a
Energy Resources
_c
Herda,D.J
942
_2
udc
_c
BK
999
_c
52114
_d
52114